[Event "16th Olomouc GM Valoz Cup"]
[Site "Olomouc CZE"]
[Date "2013.07.31"]
[Round "1.2"]
[White "Rzayev,B"]
[Black "Mammadov,Z"]
[Result "1-0"]
[WhiteElo "2429"]
[BlackElo "2437"]

1.Nf3 d5 2.g3 Nf6 3.Bg2 g6 4.b3 Bg7 5.Bb2 O-O 6.c4 c6 7.O-O Qb6 8.cxd5 cxd5
9.Nc3 Nc6 10.Rc1 Bg4 11.Na4 Qd8 12.h3 Bxf3 13.Bxf3 Rc8 14.d4 Ne8 15.e3 e6
16.Ba3 Nd6 17.Qd3 Re8 18.Rc2 Re7 19.Rfc1 Rec7 20.Nc5 Bf8 21.Be2 Ne4 22.b4 Nd6
23.Qb3 Nb8 24.Bb2 b6 25.Nd3 Rxc2 26.Rxc2 Nc6 27.Ne5 Nxe5 28.dxe5 Nf5 29.a3 h5
30.Bd3 Ne7 31.e4 Bg7 32.exd5 Nxd5 33.Rxc8 Qxc8 34.Be4 Qd7 35.Qd3 Kf8 36.b5 Ke8
37.a4 Bf8 38.Bd4 Qc7 39.Bxd5 exd5 40.e6 f5 41.Qe3 Bg7 42.Qd2 Be5 43.Qe3 Bg7
44.Bxg7 Qxg7 45.Qc1 Qe7 46.Qc8+ Qd8 47.Qb7 Qd6 48.Qf7+ Kd8 49.Qf6+ Kc7 50.Qxg6 d4
51.Qxf5 d3 52.e7 Qxe7 53.Qxd3 Qb4 54.Qh7+ Kb8 55.Qg8+ Kc7 56.Qf7+ Kc8 57.Qf4 Qb1+
58.Kh2 Qd1 59.g4 h4 60.g5  1-0

[Event "9th Tabor Open 2013"]
[Site "Tabor CZE"]
[Date "2013.07.31"]
[Round "5.14"]
[White "Rosenzweig,V"]
[Black "Skorepa,Tomas"]
[Result "1/2-1/2"]
[WhiteElo "2100"]
[BlackElo "1688"]

1.Nf3 d5 2.g3 Nf6 3.Bg2 Bf5 4.O-O e6 5.d3 Nbd7 6.Nbd2 Bc5 7.Qe1 O-O 8.e4 dxe4
9.dxe4 Bg4 10.Nb3 Bb6 11.Be3 c6 12.Rd1 Qc7 13.h3 Bh5 14.c4 Bxe3 15.Qxe3 e5
16.g4 Bg6 17.Nh4 Rfe8 18.Rd2 Nb6 19.Qe2 Rad8 20.Rfd1 Rxd2 21.Rxd2 Rd8 22.c5 Nc8
23.Nf5 b6 24.Qd1 Rd7 25.Bf3 h6 26.h4 Rxd2 27.Qxd2 Qd7 28.Qe2 Ne8 29.h5 Bh7  1/2-1/2

[Event "14th ch-EUR Ind w"]
[Site "Belgrade SRB"]
[Date "2013.08.01"]
[Round "9.8"]
[White "Cramling,P"]
[Black "Guramishvili,S"]
[Result "1/2-1/2"]
[WhiteElo "2523"]
[BlackElo "2421"]

1.Nf3 d5 2.g3 Nc6 3.d4 Bg4 4.Nbd2 Qd7 5.h3 Bf5 6.c3 f6 7.b4 a6 8.Nb3 e5 9.Nc5 Bxc5
10.bxc5 Nge7 11.Bg2 O-O 12.Bb2 Rad8 13.Kf1 Na5 14.Kg1 Nc4 15.Bc1 Be4 16.Kh2 Nc6
17.Re1 h6 18.h4 Qf5 19.Rg1 Rfe8 20.Bh3 Qg6 21.Ne1 Qf7 22.e3 g5 23.Nd3 Qg6
24.Bf1 g4 25.Be2 h5 26.Ne1 Kh8 27.f3 gxf3 28.Nxf3 Bc2 29.Qf1 exd4 30.exd4 Ne3
31.Bxe3 Rxe3 32.Qf2 Rde8 33.Rae1 Qe4 34.Nd2 Qf5 35.Bf3 Rxe1 36.Rxe1 Rxe1
37.Qxe1 Kg7 38.Qe2 Bd3 39.Qe3 Bb5 40.Qf4 Qxf4 41.gxf4 Ne7 42.Bxh5 Nf5 43.Bf3 c6
44.Nb3 Nxh4 45.Bg4 f5 46.Bh3 Nf3+ 47.Kg2 Ne1+ 48.Kf2 Nd3+ 49.Ke3 Kf6 50.Na5 Nb2
51.Nxb7 Nc4+ 52.Kf2 Nd2 53.Nd6 Ne4+ 54.Ke3 Nxc3 55.Bxf5 Nxa2 56.Kd2 a5 57.Bg4 Nb4
58.Kc3 Ba6 59.Bd1 Nd3 60.Be2 Nxc5 61.dxc5 Bxe2 62.Kb3 Bd1+ 63.Kc3 Be2 64.Kb3 d4
65.Ka4 Bf3 66.Kxa5 d3 67.Nc4 Kf5 68.Kb4 Bd5 69.Nb2 d2  1/2-1/2

[Event "Biel MTO 2013"]
[Site "Biel SUI"]
[Date "2013.08.01"]
[Round "10.11"]
[White "Saric,A"]
[Black "Nuri,Kam"]
[Result "1-0"]
[WhiteElo "2565"]
[BlackElo "2244"]

1.Nf3 d5 2.g3 e6 3.Bg2 c5 4.O-O Nf6 5.c4 Nc6 6.d4 Be7 7.cxd5 exd5 8.dxc5 Bxc5
9.Qc2 Bb6 10.Nc3 O-O 11.Bg5 Be6 12.Na4 Rc8 13.Nxb6 Qxb6 14.Bxf6 gxf6 15.Qd2 Kg7
16.Rfd1 Qb4 17.b3 Qxd2 18.Rxd2 Nb4 19.a3 Nc2 20.Rad1 Rc3 21.Nh4 Rd8 22.Bxd5 Rxd5
23.Rxd5 Bxd5 24.Rxd5 Rxb3 25.Nf5+ Kg6 26.Ne7+ Kg7 27.Nf5+ Kg6 28.e4 Rb1+
29.Kg2 Ne1+ 30.Kh3 Nf3 31.Rd8 h5 32.Kg2 Ne1+ 33.Kf1 Nf3+ 34.Ke2 Ng1+ 35.Kd2 Rb2+
36.Kd3 Rxf2 37.h4 Rf3+ 38.Kc4 Ne2 39.Rh8 Rxf5 40.exf5+ Kxf5 41.Rg8  1-0

[Event "114th US Open"]
[Site "Middleton USA"]
[Date "2013.08.01"]
[Round "6"]
[White "Huang,David"]
[Black "Checa,Nicolas D"]
[Result "1/2-1/2"]
[WhiteElo "1903"]
[BlackElo "2021"]

1.Nf3 d5 2.g3 Nf6 3.Bg2 Bf5 4.c4 c6 5.Qa4 Nbd7 6.cxd5 cxd5 7.d3 e6 8.Nc3 Be7
9.e4 dxe4 10.dxe4 b5 11.Qxb5 Nxe4 12.Ne5 Nxc3 13.bxc3 Rb8 14.Qa4 Bc2 15.Qxc2 Nxe5
16.O-O O-O 17.Bf4 Bf6 18.Qe2 Qa5 19.Rfe1 Rb5 20.a4 Rc5 21.Be3 Rcc8 22.Bd4 Nd7
23.Qb5 Qc7 24.Bxf6 Nxf6 25.Rac1 Nd7 26.c4 Nc5 27.Red1 Rb8 28.Qc6 Qxc6 29.Bxc6 Rfc8
30.Rb1 Rxb1 31.Rxb1 g6 32.Bf3 Nxa4 33.Rb7 a6 34.Be2 Nc5 35.Ra7 e5 36.f4 exf4
37.gxf4 Ne6 38.f5 Nd4 39.Bd3 Nxf5 40.Rxa6 Ne7 41.Kf2 Nc6 42.Ra4 Ne5 43.Be2 Kg7
44.Ke3 Kf6 45.Ke4 Ke6 46.Ra6+ Rc6 47.c5 Rxa6 48.Bxa6 f5+ 49.Kf4 h6 50.Bc8+ Kf6
51.Ke3 Nc6 52.Bb7 Nd8 53.c6 Ne6 54.h4 Ke5 55.Bc8 Nc7 56.Kf3 Ne6 57.Bd7 Kd6
58.Be8 g5 59.hxg5 hxg5 60.Bg6 f4 61.Kg4 Kxc6 62.Kf5 Nf8 63.Bh5 Nh7 64.Kg6 Kd5
65.Kxh7 Ke4 66.Kg6 f3 67.Bxf3+ Kxf3 68.Kxg5  1/2-1/2

[Event "XXII TCh-MKD 2013"]
[Site "Struga MKD"]
[Date "2013.08.01"]
[Round "4.2"]
[White "Ilic,Zo3"]
[Black "Glavinac,G"]
[Result "1-0"]
[WhiteElo "2270"]
[BlackElo "2178"]

1.Nf3 d5 2.g3 Bg4 3.Bg2 c6 4.O-O Nd7 5.d4 e6 6.Nbd2 Ngf6 7.Re1 Be7 8.e4 dxe4
9.Nxe4 Nxe4 10.Rxe4 Bf5 11.Re1 O-O 12.c3 a5 13.Bf4 Qb6 14.Qe2 a4 15.Rad1 Qa6
16.c4 Nb6 17.Rc1 Rfd8 18.h3 Bf6 19.Red1 h6 20.g4 Bh7 21.h4 Nd5 22.Bg3 a3
23.b3 Nb4 24.g5 hxg5 25.hxg5 Be7 26.Ne5 Bf5 27.Bf4 Qb6 28.Be3 Qc7 29.Bf4 Bd6
30.c5 Bxe5 31.Bxe5 Qe7 32.Rc4 Nd5 33.Bxd5 Rxd5 34.Rc3 Bg6 35.Rg3 Rad8 36.b4 Qd7
37.Qe3 Ra8 38.Rh3 Ra4 39.Rh4 Bf5 40.Qe2 Bg6 41.Kg2 f6 42.gxf6 gxf6 43.Bxf6 Rf5
44.Be5 Qd5+ 45.Kg3 Rg5+ 46.Rg4 Rxg4+ 47.Qxg4 Kf7 48.Qh4 Bf5 49.Rh1  1-0

[Event "9th Tabor Open 2013"]
[Site "Tabor CZE"]
[Date "2013.08.01"]
[Round "6.47"]
[White "Sourek,Martin"]
[Black "Hostasa,Petr"]
[Result "1-0"]
[WhiteElo "1840"]
[BlackElo "1544"]

1.Nf3 d5 2.g3 e6 3.Bg2 Bd6 4.O-O Nf6 5.d3 O-O 6.Nbd2 c5 7.e4 Nc6 8.Qe2 dxe4
9.dxe4 e5 10.c3 Be6 11.Nc4 Bxc4 12.Qxc4 h6 13.Nh4 Ne7 14.f4 Qc7 15.Be3 b6
16.f5 a6 17.h3 Kh8 18.g4 b5 19.Qe2 Nh7 20.Nf3 f6 21.h4 c4 22.g5 fxg5 23.hxg5 Ng8
24.Nh4 Ne7 25.gxh6 gxh6 26.Bxh6 Rf6 27.Be3 Bc5 28.Kf2 Rg8 29.Rh1 Ng6 30.Nxg6+ Rgxg6
31.Rag1 Qb6 32.Bf3 Bxe3+ 33.Qxe3 Qxe3+ 34.Kxe3 Rxg1 35.Rxg1 Nf8 36.Kf2 Nd7
37.Ke3 Nc5 38.Rd1 Na4 39.Rd5 Nxb2 40.Rxe5 Kg7 41.Kd4 Nd3 42.Rd5 Nc1 43.a3 Nb3+
44.Ke5 Rc6 45.Rd6 Rc5+ 46.Ke6 a5 47.f6+ Kf8  1-0

[Event "14th ch-EUR Ind w"]
[Site "Belgrade SRB"]
[Date "2013.08.02"]
[Round "10.6"]
[White "Chelushkina,I"]
[Black "Romanko,M"]
[Result "0-1"]
[WhiteElo "2265"]
[BlackElo "2368"]

1.Nf3 d5 2.g3 Bg4 3.h3 Bxf3 4.exf3 c6 5.d4 Nd7 6.c3 e5 7.dxe5 Nxe5 8.f4 Nd7
9.Bg2 Bc5 10.O-O Ne7 11.c4 dxc4 12.Qg4 g6 13.Nd2 Nf6 14.Qe2 O-O 15.Qxc4 Bb6
16.Qb3 Nf5 17.Nc4 Nd4 18.Qd1 Qd7 19.a4 Rad8 20.a5 Bc5 21.Be3 a6 22.Kh2 Qc7
23.Qa4 Nh5 24.Rad1 Ng7 25.b4 Ba7 26.Ne5 Ngf5 27.Ng4 Rd6 28.Bc1 Rfd8 29.Rde1 Re6
30.Rxe6 Nxe6 31.Be4 Nd6 32.Bb1 Bd4 33.Ba2 Re8 34.Be3 Bg7 35.Bb6 Qc8 36.Ne3 Nb5
37.Qb3 Nc3 38.Rc1 Nxa2 39.Qxa2 Nd4 40.Rd1 Nb5 41.Rd3 Nc3 42.Qc2 Ne4 43.Nc4 Bf8
44.Bd4 Qf5 45.Ne3 Qb5 46.f3 Nd6 47.Ng4 Be7 48.Nh6+ Kf8 49.Qc3 Nf5 50.Nxf5 Qxf5
51.Bg7+ Kg8 52.Re3 Qd7 53.Rd3 Qc8 54.Bh6 Bf8 55.Bxf8 Rxf8 56.Qd4 Qf5 57.g4 Qb5
58.Re3 Qf1 59.Qd2 h6 60.f5 gxf5 61.gxf5 Kh7 62.Qe2 Qc1 63.Qe1 Qb2+ 64.Re2 Qf6
65.Qb1 Rd8 66.Qc2 Rd4 67.Qc5 Rd5 68.Qe7 Qxf5 69.Qe4 Qxe4 70.Rxe4 Kg6 71.Kg3 Rb5
72.h4 Kf6 73.Rc4 Ke5 74.h5 Kd5 75.Rf4 Ke6 76.Re4+ Kf5 77.Kh4 f6 78.Rc4 Re5
79.Kg3 Rd5 80.Rg4 Rb5 81.Rc4 Kg5 82.Rf4 Rf5 83.Rh4 Rxf3+  0-1

[Event "14th ch-EUR Ind w"]
[Site "Belgrade SRB"]
[Date "2013.08.02"]
[Round "10.15"]
[White "Guramishvili,S"]
[Black "Cosma,E"]
[Result "1-0"]
[WhiteElo "2421"]
[BlackElo "2329"]

1.Nf3 d5 2.g3 Nf6 3.Bg2 e6 4.O-O b5 5.d3 Bb7 6.c4 dxc4 7.dxc4 Qxd1 8.Rxd1 b4
9.Bf4 Na6 10.a3 h6 11.axb4 Bxb4 12.Nd4 O-O-O 13.Nc3 Bxg2 14.Kxg2 Kb7 15.Ncb5 c6
16.Nxa7 Rxd4 17.Rxd4 Kxa7 18.c5 Nd5 19.Bd6 f5 20.e4 fxe4 21.Rxe4 Kb7 22.Rc1 Re8
23.Rg4 g5 24.h4 Nf6 25.Rgc4 e5 26.hxg5 hxg5 27.Ra1 Nd5 28.Rh1 e4 29.Rh7+ Kc8
30.Ra7 e3 31.Ra8+ Kd7 32.Rxa6 Re6 33.Ra7+ Kc8 34.Rxb4 Nxb4 35.fxe3 Rxe3 36.Rg7 Re2+
37.Kf3 Rxb2 38.Rxg5 Kd7 39.Rg7+ Ke6 40.Re7+ Kf5 41.g4+ Kf6 42.Rb7 Ke6 43.Kg3 Nd3
44.Rxb2 Nxb2 45.Kh4 Nc4 46.Kh5 Ne3 47.g5 Kf7 48.g6+ Kg8 49.Kg5 Nd5 50.Be5 Nb4
51.Kf5 Na6 52.Bd4 Nc7 53.Ke5 Kf8 54.Bb2 Na6 55.Kd6 Nb4 56.Bd4 Kg8 57.Bc3 Nd5
58.Be5 Nb4 59.Bc3 Nd5 60.Bd2 Kg7 61.Kxc6 Ne7+ 62.Kd7 Nxg6 63.Kd6 Kf7 64.Bg5 Nf8
65.c6 Ne6 66.Be3 Kf6 67.Bf2 Kf5 68.Bg1 Kf6 69.Bh2 Kf5 70.Ke7 Nd4 71.c7 Nc6+
72.Kd7  1-0

[Event "Biel MTO 2013"]
[Site "Biel SUI"]
[Date "2013.08.02"]
[Round "11.4"]
[White "Saric,Iv"]
[Black "Solak,D"]
[Result "0-1"]
[WhiteElo "2639"]
[BlackElo "2598"]

1.Nf3 d5 2.g3 Nf6 3.Bg2 c6 4.O-O Bf5 5.d3 e6 6.Nh4 Bg4 7.Qe1 Be7 8.h3 Bh5
9.f4 O-O 10.e4 Ne8 11.Nf3 Bxf3 12.Bxf3 dxe4 13.dxe4 e5 14.Nd2 Nd7 15.Nc4 Nd6
16.Ne3 a5 17.a4 Re8 18.Qe2 Qc7 19.f5 Bg5 20.h4 Bh6 21.Kh1 Nf6 22.Qg2 Qb6
23.Re1 Ndxe4 24.c3 Nc5 25.Nc4 Qb3 26.Nxe5 Bxc1 27.Raxc1 Rxe5 28.Rxe5 Nd3
29.Rce1 Nxe1 30.Rxe1 Qxa4 31.Re7 Rb8 32.Qd2 Qb5 33.Kg2 h5 34.b4 axb4 35.cxb4 Qxf5
36.Qa2 Nd5 37.Bxd5 cxd5 38.Qf2 Qg6 39.Qc5 Qf5 40.Qf2 Qg6 41.Qc5 Rd8 42.Qd4 Rc8
43.Qxd5 Rc2+ 44.Kh1 Rc1+ 45.Kh2 Rc2+ 46.Kh1 Rc3 47.Qxb7 Qb1+ 48.Kg2 Rc2+
49.Kf3 Qd1+ 50.Ke3 Re2+ 51.Kf4 Qf1+  0-1

[Event "Charleroi Open 2013"]
[Site "Charleroi BEL"]
[Date "2013.08.02"]
[Round "8.4"]
[White "Le Quang,K"]
[Black "Vandevoort,P"]
[Result "1/2-1/2"]
[WhiteElo "2242"]
[BlackElo "2384"]

1.g3 d5 2.Nf3 Nf6 3.Bg2 g6 4.O-O Bg7 5.d3 O-O 6.Nbd2 Nc6 7.e4 e5 8.c3 a5
9.a4 h6 10.Re1 Re8 11.Qc2 Be6 12.Nb1 dxe4 13.dxe4 Nd7 14.Be3 Qe7 15.Na3 Nc5
16.Bf1 Nb8 17.Nc4 Nbd7 18.Nfd2 b6 19.b4  1/2-1/2

[Event "9th Gazi 2013"]
[Site "Gazi GRE"]
[Date "2013.08.02"]
[Round "8"]
[White "Bras,E"]
[Black "Androni,K"]
[Result "1-0"]
[WhiteElo "2022"]
[BlackElo "1953"]

1.Nf3 d5 2.g3 Nf6 3.Bg2 Bg4 4.c4 c6 5.O-O e6 6.b3 Bd6 7.Bb2 Nbd7 8.d3 O-O
9.Nbd2 Re8 10.Re1 e5 11.h3 Bxf3 12.Nxf3 Nf8 13.Qc2 g6 14.e3 Qc7 15.c5 Be7
16.Bxe5 Qd8 17.Bb2 N8d7 18.b4 a5 19.a3 b6 20.d4 b5 21.Nd2 Qc7 22.Bc3 a4 23.e4 dxe4
24.Nxe4 Nd5 25.Bb2 Rad8 26.Re2 Bf8 27.Rae1 h5 28.h4 Bg7 29.Nc3 Rxe2 30.Rxe2 N7f6
31.Nxd5 Nxd5 32.Re4 Qd7 33.Re2 Nc7 34.Qd1 Ne6 35.d5 Bxb2 36.Rxb2 cxd5 37.Rd2 d4
38.Qf3 Qe7 39.Qb7 Nc7 40.Qe4 Qf6 41.Rd3 Kg7 42.Bf1 Ne6 43.Rf3 Qe7 44.Bxb5 g5
45.Bd3 Rh8 46.Qe5+ f6 47.Qe4 Rh6 48.Bc4 f5 49.Rxf5  1-0

[Event "9th Ribeira Valley Open 2013"]
[Site "Registro BRA"]
[Date "2013.08.02"]
[Round "8.4"]
[White "Fernandez,Dani"]
[Black "Umetsubo,C"]
[Result "1/2-1/2"]
[WhiteElo "2405"]
[BlackElo "2298"]

1.Nf3 d5 2.g3 Nf6 3.Bg2 Bf5 4.O-O e6 5.d3 h6 6.Nbd2 Be7 7.c4 c6 8.b3 O-O
9.Bb2 Nbd7 10.a3 a5 11.cxd5 cxd5 12.Rc1 Qb6 13.e4 Bg6 14.Qe1 Rfc8 15.Nh4 Bh7
16.h3 dxe4 17.dxe4 Nh5 18.Rxc8+ Rxc8 19.Qd1 Nxg3 20.Nc4 Rxc4 21.bxc4 Nf8
22.Qg4 Qxb2 23.fxg3 Qxa3 24.Kh2 Qc5 25.Nf3 Ng6 26.e5 Nxe5 27.Nxe5 Qxe5 28.Qf3 Bg6
29.Qxb7 Bd6 30.Rf3 Kh7 31.Qb5 Bc5 32.Rf1 Bd3 33.Rd1 Bc2 34.Rf1 a4 35.Rxf7 Qe3
36.h4 Bf5 37.Rxf5 exf5 38.Qd7 Qe5 39.Qxa4 Bd6 40.Qb3 f4 41.Qd3+ g6 42.Qe4 fxg3+
43.Kh3 Qf5+ 44.Qxf5 gxf5 45.c5 Bc7 46.h5 Kg7 47.c6 Kf6 48.Bf3  1/2-1/2

[Event "XX Feria de las Flores 2013"]
[Site "Medellin COL"]
[Date "2013.08.03"]
[Round "1.13"]
[White "Agudelo,A"]
[Black "Corredor,F"]
[Result "1-0"]
[WhiteElo "2256"]
[BlackElo "2051"]

1.Nf3 d5 2.g3 c5 3.Bg2 Nc6 4.O-O e5 5.d3 h5 6.c4 d4 7.e3 h4 8.exd4 hxg3 9.fxg3 exd4
10.Nbd2 Nf6 11.Ng5 Qc7 12.Nde4 Be7 13.Bf4 Qd8 14.Nxf6+ gxf6 15.Ne4 Be6 16.Qe2 Ne5
17.Nxf6+ Bxf6 18.Bxe5 Bxe5 19.Qxe5  1-0

[Event "9th Ribeira Valley Open 2013"]
[Site "Registro BRA"]
[Date "2013.08.03"]
[Round "9.20"]
[White "Aoyama,E"]
[Black "Garkauskas,Otto Dmitry"]
[Result "1/2-1/2"]
[WhiteElo "1944"]
[BlackElo "2089"]

1.Nf3 d5 2.g3 c6 3.Bg2 Bg4 4.O-O e6 5.b3 Nd7 6.Bb2 Ngf6 7.d4 Bxf3 8.Bxf3 Bd6
9.Nd2 O-O 10.e4 dxe4 11.Nxe4 Nxe4 12.Bxe4 Qe7 13.Re1 Ba3 14.Bxa3 Qxa3 15.c4 Nf6
16.Qc2 Rfd8 17.Rad1 Rd7 18.Rd2 Rad8 19.Red1 a5 20.Bf3 a4 21.Qc3 g6 22.d5 Kg7
23.dxc6 Rxd2 24.Rxd2 Rxd2 25.Qxd2 bxc6 26.Bxc6  1/2-1/2

[Event "5th Rethymno Open"]
[Site "Rethymno GRE"]
[Date "2013.08.03"]
[Round "8.5"]
[White "David,Alb"]
[Black "Markidis,K"]
[Result "1/2-1/2"]
[WhiteElo "2589"]
[BlackElo "2376"]

1.g3 d5 2.Nf3 Nf6 3.Bg2 e6 4.O-O c5 5.d3 Nc6 6.Nbd2 g6 7.e4 Bg7 8.exd5 Nxd5
9.Nb3 b6 10.c4 Nde7 11.d4 Ba6 12.Qe2 cxd4 13.Rd1 Rc8 14.Bf4 O-O 15.Rac1 h6
16.h4  1/2-1/2

[Event "41st GM"]
[Site "Dortmund GER"]
[Date "2013.08.04"]
[Round "9.3"]
[White "Wang Hao"]
[Black "Meier,Geo"]
[Result "1-0"]
[WhiteElo "2752"]
[BlackElo "2610"]

1.Nf3 d5 2.g3 c6 3.Bg2 Bg4 4.c4 e6 5.O-O Nf6 6.d3 Bd6 7.Qb3 Qb6 8.Be3 Qxb3
9.axb3 a6 10.h3 Bxf3 11.Bxf3 Nbd7 12.Bg2 O-O 13.g4 Ne8 14.Nc3 Nc7 15.d4 f5
16.Bd2 Nf6 17.f3 Rad8 18.Rfd1 Be7 19.Bf4 Bd6 20.Be3 Rf7 21.Rac1 Re8 22.Rc2 Nd7
23.Bf2 f4 24.g5 h6 25.gxh6 gxh6 26.h4 Rg7 27.Kh2 Kf7 28.Bh3 Reg8 29.Na2 Ne8
30.Nc1 Nef6 31.Nd3 h5 32.Kh1 Ke7 33.Rcc1 Rg6 34.Rg1 Rxg1+ 35.Bxg1 Nf8 36.Bh2 Ng6
37.Rg1 a5 38.Rg5 Kf7 39.c5 Bc7 40.Kg1 b6 41.Kf1 bxc5 42.Nxc5 Nf8 43.e3 Rxg5
44.hxg5 N6h7 45.Bxf4 Bb6 46.Nxe6 Nxe6 47.g6+ Kxg6 48.Bxe6 Ng5 49.Bd7 c5 50.Be8+ Kh6
51.dxc5 Bxc5 52.Ke2 d4 53.e4 h4 54.Bd7 Kg6 55.Bg4 Nf7 56.Bh2 Kg5 57.Be6 Bd6
58.f4+ Bxf4 59.Bxf4+ Kxf4 60.Bxf7 h3 61.e5 Kxe5 62.Bh5 Kf4 63.Be8 Ke5 64.b4 Kd5
65.Bh5 axb4 66.b3  1-0

[Event "Arad Open 2013"]
[Site "Arad ROU"]
[Date "2013.08.05"]
[Round "4.9"]
[White "Czebe,A"]
[Black "Posedaru,B"]
[Result "1-0"]
[WhiteElo "2467"]
[BlackElo "2272"]

1.Nf3 d5 2.g3 Bg4 3.Bg2 Nd7 4.h3 Bh5 5.O-O Ngf6 6.d3 c6 7.Qe1 e5 8.e4 dxe4
9.dxe4 Bc5 10.Nbd2 O-O 11.Nb3 Bb6 12.a4 a5 13.Be3 Bxf3 14.Bxf3 Bxe3 15.Qxe3 Qc7
16.Rfd1 Rfd8 17.Qc3 b6 18.Nd2 Nc5 19.Nc4 Rxd1+ 20.Rxd1 Nxa4 21.Qxe5 Qxe5
22.Nxe5 Nxb2 23.Rb1 Na4 24.Nxc6 Re8 25.e5 Nd7 26.Rd1 Nac5 27.Be2 Nb8 28.Na7 Ne6
29.f4 Rd8 30.Rxd8+ Nxd8 31.Nc8 Ne6 32.Nxb6 g5 33.Bc4 gxf4 34.Bxe6 fxe6 35.gxf4 Na6
36.Kf2 Kf7 37.Ke3 Kg6 38.Na4 Kf5 39.c3 Nc7 40.c4 Na6 41.c5 Nb4 42.Nc3 Nc2+
43.Kf3 Nd4+ 44.Ke3 Nc2+ 45.Kf2 Nd4 46.Ne2 Nc6 47.Ke3 Nxe5 48.Ng3+ Kf6 49.Ne4+  1-0

[Event "2nd Washington Int"]
[Site "Rockville USA"]
[Date "2013.08.06"]
[Round "1.5"]
[White "Adithya,B"]
[Black "Lenderman,A"]
[Result "0-1"]
[WhiteElo "2311"]
[BlackElo "2527"]

1.Nf3 d5 2.g3 c6 3.Bg2 Bg4 4.d3 Nd7 5.c4 Bxf3 6.Bxf3 dxc4 7.dxc4 Ne5 8.Qb3 Nxf3+
9.Qxf3 Nf6 10.Nc3 e6 11.Bf4 Qd4 12.Rc1 Qxc4 13.O-O Qb4 14.e4 Be7 15.e5 Nd7
16.Rfd1 Rd8 17.a3 Qb6 18.Qg4 g5 19.Be3 Qxb2 20.Bd4 c5 21.Be3 Nxe5 22.Qe4 Nc6
23.Rxd8+ Nxd8 24.Na4 f5 25.Qd3 Qe5 26.Nxc5 Qd5 27.Qb5+ Kf7 28.Qe2 g4 29.Rd1 Qf3
30.Qe1 b6 31.Nd7 Nc6 32.Bf4 Rd8 33.Bc7 Rc8 34.Bd6 Bg5 35.Rb1 Rd8 36.Ne5+ Nxe5
37.Bxe5 Rd2 38.Rc1 Rxf2 39.Rc7+ Kg6 40.Rg7+ Kh6 41.Qxf2 Be3 42.Bf4+ Qxf4  0-1

[Event "2nd Washington Int"]
[Site "Rockville USA"]
[Date "2013.08.06"]
[Round "2.5"]
[White "Lenderman,A"]
[Black "Legky,N"]
[Result "0-1"]
[WhiteElo "2527"]
[BlackElo "2369"]

1.Nf3 d5 2.g3 e6 3.Bg2 Nf6 4.d4 Be7 5.c4 O-O 6.Qc2 a6 7.Nbd2 dxc4 8.Nxc4 Nc6
9.e3 Nb4 10.Qe2 b5 11.Nfe5 Nfd5 12.Na5 c5 13.Nac6 Nxc6 14.Nxc6 Qc7 15.Nxe7+ Qxe7
16.dxc5 Qxc5 17.Bd2 Bb7 18.Rc1 Qe7 19.a3 Nc3 20.Bxc3 Bxg2 21.Rg1 Qb7 22.Qg4 f6
23.Qxe6+ Kh8 24.Rd1 Bf3 25.Rd4 a5 26.Kd2 Rfd8 27.Bxa5 Rxd4+ 28.exd4 Bd5 29.Qb6 Qd7
30.Re1 Qf5 31.Qxb5 Qxf2+ 32.Kc1 Rc8+ 33.Kb1 Qc2+ 34.Ka1 Qc1+  0-1

[Event "16th Olomouc Open"]
[Site "Olomouc CZE"]
[Date "2013.08.07"]
[Round "8.8"]
[White "Jasny,S"]
[Black "Romanov,Se1"]
[Result "1-0"]
[WhiteElo "2311"]
[BlackElo "2091"]

1.Nf3 d5 2.g3 c6 3.Bg2 Nf6 4.d3 Bf5 5.h3 h6 6.O-O Nbd7 7.Nfd2 e6 8.e4 dxe4
9.dxe4 Bh7 10.Nc3 Bb4 11.Qe2 O-O 12.f4 Nc5 13.Kh2 Bxc3 14.bxc3 Na4 15.Ba3 Re8
16.Qe3 Qb6 17.Rae1 Red8 18.Nc4 Qxe3 19.Rxe3 c5 20.Rf2 b6 21.Bf3 Rac8 22.g4 Ne8
23.g5 Nd6 24.Nxd6 Rxd6 25.gxh6 gxh6 26.Rg2+ Kf8 27.Be2 Nxc3 28.Rxc3 Bxe4
29.Bf3 Bg6 30.Bc1 h5 31.Re3 Rd4 32.Ra3 Rc7 33.Bb2 Rc4 34.Be5 Rd7 35.Bc6 Rd8
36.Rxa7 Rxc2 37.Rxc2 Bxc2 38.Bf6 Rd2+ 39.Kg3 Kg8 40.Kh4 Kh7  1-0

[Event "21st Poznan Open"]
[Site "Poznan POL"]
[Date "2013.08.07"]
[Round "1.16"]
[White "Piechocki,B"]
[Black "Zajecki,M"]
[Result "0-1"]
[WhiteElo "1492"]
[BlackElo "2015"]

1.Nf3 d5 2.g3 g6 3.Bg2 Bg7 4.O-O e6 5.d3 Ne7 6.c4 c5 7.cxd5 exd5 8.Qc2 Nd7
9.Bd2 O-O 10.Qc1 Re8 11.Bh6 Bh8 12.Nc3 Nf6 13.Rb1 Nf5 14.Bf4 Qa5 15.Re1 Bd7
16.a3 Rac8 17.Bd2 Qb6 18.e3 d4 19.Nd1 dxe3 20.Nxe3 Qb3 21.Qc4 Qxc4 22.dxc4 Ne4
23.Red1 Nd4 24.Nxd4 Bxd4 25.Bxe4 Rxe4 26.b3 Bc6 27.Ng2 b6 28.Re1 Rce8 29.Rxe4 Rxe4
30.Re1 Bb2 31.a4 Rd4 32.Bf4 Bc3 33.Rf1 f6 34.Ne3 Bf3 35.Bb8 a6 36.Bc7 Ba5
37.h4 Kf7 38.Nd5 Bxd5 39.cxd5 Rxd5 40.Bf4 Rd3 41.Rb1 Bc3 42.Be3 Bd4 43.Bxd4 Rxd4
44.Kf1 Ke6 45.Ke2 b5 46.axb5 axb5 47.Rc1 Kd5 48.Rd1 h5 49.Rd3 f5 50.f4 Rxd3
51.Kxd3 b4 52.Ke3 c4 53.bxc4+ Kxc4 54.Ke2 Kb3 55.Kd3 Ka2 56.Kd4 b3 57.Ke5 b2
58.Kf6 b1=Q 59.Kxg6 Qd3 60.Kxh5 Qxg3 61.Kh6 Kb3 62.h5 Kc4 63.Kh7 Kd5 64.h6 Ke6
65.Kh8 Kf7 66.h7 Qg7+  0-1

[Event "2nd Washington Int"]
[Site "Rockville USA"]
[Date "2013.08.07"]
[Round "3.22"]
[White "Adithya,B"]
[Black "Adu,O"]
[Result "1-0"]
[WhiteElo "2311"]
[BlackElo "2199"]

1.g3 d5 2.Nf3 Nf6 3.Bg2 c6 4.d3 Bf5 5.O-O e6 6.Nbd2 h6 7.b3 Nbd7 8.Bb2 Bc5
9.e4 Bh7 10.e5 Ng8 11.d4 Bb4 12.c3 Bf8 13.a4 Ne7 14.b4 a5 15.b5 cxb5 16.axb5 Bd3
17.Re1 Bxb5 18.Ba3 Nc8 19.Bxf8 Nxf8 20.h4 Nd7 21.c4 Bc6 22.Nh2 Ne7 23.Qh5 Nc8
24.c5 Ne7 25.Bf1 b5 26.Bd3 b4 27.Qg4 O-O 28.Qf4 Ng6 29.Qe3 Re8 30.Ndf3 Ne7
31.Ng4 Nf5 32.Qf4 Nf8 33.Bxf5 exf5 34.Ne3 Qc8 35.Reb1 Qe6 36.h5 Bd7 37.Nh4 Nh7
38.Nhxf5 Ng5 39.Qg4 Kh7 40.f4 g6 41.hxg6+ fxg6 42.fxg5 gxf5 43.Qf3 Rg8 44.Qxd5 Qe7
45.Kf2 Be6 46.g6+ Kxg6 47.Qf3 Rad8 48.Rh1 Qg5 49.Rh4 b3 50.Qc6 Kf7 51.Rg1 Rg6
52.Qc7+ Rd7 53.Qxa5 Rg8 54.c6 Qd8 55.Qxd8 Rdxd8 56.c7 Rd7 57.Rc1 Rc8 58.Rxh6 Rxd4
59.Rf6+ Ke7 60.Rh1 b2 61.Rh7+ Ke8 62.Rxe6+ Kf8 63.Rb6 Kg8 64.Re7 Kf8 65.Nxf5 Rd2+
66.Ke3 Rh2 67.Rd7 Ke8 68.Rg7 Rc2 69.Re6+ Kf8 70.Rf6+  1-0

[Event "2nd Washington Int"]
[Site "Rockville USA"]
[Date "2013.08.07"]
[Round "4.5"]
[White "Fridman,D"]
[Black "Legky,N"]
[Result "1-0"]
[WhiteElo "2634"]
[BlackElo "2369"]

1.Nf3 d5 2.g3 e6 3.Bg2 c5 4.O-O Nc6 5.d4 Nf6 6.c4 Be7 7.cxd5 exd5 8.Nc3 O-O
9.b3 Ne4 10.Bb2 Bf6 11.Na4 cxd4 12.Nxd4 Bxd4 13.Bxd4 Re8 14.e3 Bf5 15.Bb2 Qd7
16.f3 Nf6 17.g4 Be6 18.g5 Nh5 19.f4 g6 20.Rc1 Bg4 21.Nc5 Bxd1 22.Nxd7 Bg4
23.Ne5 Nxe5 24.Bxe5 Be6 25.Rfd1 Red8 26.e4 d4 27.Bf3 Rac8 28.Kf2 b6 29.Be2 Rc5
30.Rxc5 bxc5 31.Rc1 d3 32.Bd1 c4 33.bxc4 f6 34.gxf6 Kf7 35.f5 Bc8 36.Bxh5 gxh5
37.Ke3 Re8 38.Kf4 Rg8 39.Rd1 Bb7 40.h3 Rd8 41.Bc3  1-0

[Event "100th ch-GBR 2013"]
[Site "Torquay ENG"]
[Date "2013.08.07"]
[Round "9.16"]
[White "Chapman,T"]
[Black "Hegarty,S"]
[Result "1-0"]
[WhiteElo "2308"]
[BlackElo "2124"]

1.Nf3 d5 2.g3 Nf6 3.Bg2 e6 4.d4 c6 5.O-O Nbd7 6.c4 Bd6 7.Nfd2 O-O 8.Nc3 Bc7
9.e4 dxe4 10.Ndxe4 Nxe4 11.Nxe4 Nb6 12.b3 e5 13.Ba3 Re8 14.d5 cxd5 15.cxd5 Nxd5
16.Qc2 Be6 17.Nc5 Rc8 18.Nxb7 Qg5 19.Qd3 Ne7 20.Bc5 Bb8 21.Rfd1 g6 22.Be3 Qf5
23.Qa6 e4 24.Bxa7 Rc6 25.Qa4 Bxa7 26.Qxa7 Bd5 27.Qd4 Rec8 28.Re1 R8c7 29.Na5 Rc2
30.Nc4 Nc6 31.Qe3 Nb4 32.Nd6 Qf6 33.Ne8 Qe5 34.Nxc7 Qxc7 35.Bxe4 Bxe4 36.Qxe4 Qb6
37.Qe8+ Kg7 38.Qe5+ Kg8 39.Qe3 Qa6 40.Qd4  1-0

[Event "TCh-ESP CECLUB Div2"]
[Site "Ciudad Real ESP"]
[Date "2013.08.08"]
[Round "3.5"]
[White "Barbera Estelles,R"]
[Black "Silva Rodriguez,J"]
[Result "0-1"]
[WhiteElo "2269"]
[BlackElo "2198"]

1.Nf3 d5 2.g3 Nf6 3.Bg2 Bf5 4.O-O e6 5.d3 h6 6.Nbd2 Be7 7.Qe1 Bh7 8.e4 c6
9.Qe2 O-O 10.e5 Nfd7 11.Re1 a5 12.h4 a4 13.a3 b5 14.h5 Na6 15.Nf1 Rc8 16.Ne3 Nb6
17.d4 Qd7 18.c3 c5 19.Ng4 Kh8 20.Bf4 Nc4 21.dxc5 Nxc5 22.Rad1 Ne4 23.Nd4 Qb7
24.f3 Nc5 25.Bc1 Nb3 26.Kh2 Bc5 27.f4 Nxc1 28.Rxc1 Bxd4 29.cxd4 Qb6 30.Red1 b4
31.Ne3 bxa3 32.Nxc4 Rxc4 33.Rxc4 dxc4 34.bxa3 c3 35.Qe3 Qb3 36.Rc1 c2 37.Qd2 Qxa3
38.g4 Bd3 39.f5 Rb8 40.f6 Rb1 41.Rxc2 Bxc2 42.Qxc2 Qc1 43.Qxa4 Qf4+ 44.Kh3 Re1
45.Qa8+ Kh7 46.Bf3 gxf6 47.exf6 Qxf6 48.Qb7 Kg7 49.Kg2 Qxd4 50.g5 Rg1+  0-1

[Event "3rd Riga Tech Uni Op"]
[Site "Riga LAT"]
[Date "2013.08.08"]
[Round "5.6"]
[White "Socko,B"]
[Black "Collins,S IRL"]
[Result "1-0"]
[WhiteElo "2646"]
[BlackElo "2463"]

1.Nf3 d5 2.g3 c5 3.Bg2 Nc6 4.d4 e6 5.O-O Nf6 6.c4 Be7 7.dxc5 Bxc5 8.cxd5 exd5
9.Bg5 O-O 10.Nc3 d4 11.Bxf6 Qxf6 12.Ne4 Qe7 13.Nxc5 Qxc5 14.Qd2 Rd8 15.Rfd1 Be6
16.Qf4 h6 17.a3 a5 18.Rac1 Qb6 19.Rd2 Rd5 20.Ne1 Rf5 21.Qe4 Rd8 22.Nd3 Rb5
23.Qh4 Ne5 24.Nxe5 Rxe5 25.Qe7 Rd7 26.Qe8+ Kh7 27.Qb8 Rc5 28.Be4+ f5 29.Rxc5 Qxc5
30.Rc2 Qd6 31.Qxd6 Rxd6 32.Bxb7 d3 33.exd3 Rxd3 34.Kf1 Rb3 35.Ba6 f4 36.gxf4 Rf3
37.Rc6 Bh3+ 38.Ke2 Rxf4 39.Bd3+ Kg8 40.Ke3 Rf8 41.Ra6 Re8+  1-0